00654nam a2200169 i 450000100060000000300090000600500170001500700030003200800410003510000380007624501940011426000610030830000430036965000180041265000280043085200260045897305ES-MaACL20241025214250.0t|050708s1911 sp ||||1| spa d1 aMarañón, Gregorio,d1887-196013aInvestigaciones anatómicas sobre el aparato paratiroideo del hombre : bexamen anatómico e histológico de la región tiroidea de 180 cadáveres / cGregorio Marañón y Posadillo. aMadrid : b[s.n.], c1911 (fTip. de los Hijos de Tello) aX, 6-170 p., 3 h. de lám. ; c25 cm. 4aParatiroides. 4aGlándulas endocrinas.4 aES-MaACLjT-1230-F-12